Semut api dan semut hitam

Bibliographic Details
Main Author: Muhammad Harun
Format: Book
Published: Kuala lumpur : Pustaka prinsip sdn.bhd. , 2007
Series:Siri warga rimba
Subjects:

MARC

LEADER 00000cam a2200000 7i4500
001 0000076274
005 20171031.0
008 171031
020 |a 9789830533858 (set) 
020 |a 9789830533940 
090 0 0 |a JF   |b MAL 
100 1 |a Muhammad Harun 
245 1 0 |a Semut api dan semut hitam   |c Muhammad Harun 
260 |a Kuala lumpur :   |b Pustaka prinsip sdn.bhd. ,   |c 2007 
490 1 |a Siri warga rimba 
650 0 |a Malay language--readers--animals 
999 |a 0001051313   |b Book   |c Children Collection   |e Cawangan Kota Tinggi 
999 |a 0001051314   |b Book   |c Children Collection   |e Cawangan Mersing 
999 |a 0001051315   |b Book   |c Children Collection   |e Cawangan Pontian